000
00303nam a22001217a 4500
020
_a
0-02-946575-3
082
_a
621.4021 BAU
100
_a
BAUMAN, ROBERT P
_9
67752
245
_a
MODERN THERMODYNAMICS WITH STATISTICAL MECHANICS
260
_a
NEW YORK
_b
MACMILLON
_c
1992
300
_a
507P
942
_c
BK
999
_c
575460
_d
575460